000 00664nam a22001937a 4500
005 20251108173508.0
008 250721s2000 xx 000 0 ara d
082 1 4 _aط/219.2/عرا
100 1 _aعرابي، منصور علي
245 1 0 _aوفاة الرسول صلى الله عليه وسلم /
264 1 _aالقاهرة :
_bشركة الفرسان،
_c2000.
300 _a16ص
490 0 _aالسيرة النبوية
_v6
650 1 7 _aالسيرة النبوية
650 1 7 _aوفاة النبي صلى الله عليه و سلم
653 _aأطفال مرحلة متوسطة : ( 6 - 9 ) سنوات
942 _2ddc
_cBK
999 _c105274
_d105274